Are You a Nerd? - Statistics

General Stats
  • This quiz has been taken 45,066 times
    28,585 since last reset
  • The average score is 9 of 20
Answer Stats
Question Answer % Correct
What tabletop game is organized by a dungeonmaster? Dungeons & {Dragons}
99%
What are the first five digits of π? 3.1415
70%
Complete the analogy: Anime is to Cartoon as _____ is to Comic Book Manga
66%
What is the middle name of astrophysicist Neil Tyson? deGrasse
64%
What card game is subtitled "The Gathering"? Magic
63%
What are the words of House Stark? {Winter} is coming
63%
Where does Superman go when he needs some alone time? Fortress of {Solitude}
59%
What is the answer to life, the universe and everything? 42
53%
What planet did Luke Skywalker grow up on? Tatooine
53%
What do you call a bro who likes "My Little Pony"? Brony
47%
Who wrote "The Silmarillion"? J.R.R. Tolkien
43%
In what board game can you earn two victory points for having the longest road? Settlers of Catan
38%
What science fiction series was written by Frank Herbert? Dune
32%
How do you write the number 16 in binary? 10000
31%
What "test" does a chatbot pass if it can trick a human into believing that it is also human? {Turing} Test
31%
Which company owns the rights to above two games? Wizards of the Coast
31%
What English language word might a hacker spell as 1337? Elite
29%
What is the 1/1000th of a nanosecond called? {Pico}second
29%
What type of alien is Lieutenant Worf? Klingon
24%
What did Linus Torvalds create? Linux
23%
No matching quizzes found
Score Distribution
Percent of People with Each Score
Percentile by Number Answered
Your Score History
You have not taken this quiz since the last reset